000 00823cam a2200205 4500
001 WB3747-23
008 011211n2001 000 0 eng u
035 _a(Sirsi) u115948
245 _aVetting prospective tenants
260 _c2001
490 _aEstates Gazette
_v(0149) 8 December 2001, 106(1)
520 _aA new website, launched by research and business information firm Experian, promises to provide landlords with a financial report on prospective tenants within 24 hours. tenantverifier.com will be of use to the commercial and residential sectors, as it allows checking of both companies and individuals.
590 _aWB
650 _aProperty management
_96262
650 _aTENANTS
650 _aCOMPANY REPORTS
650 _aLETTING AGENTS
690 _aPROPERTY-LANDLORD AND TENANT
942 _n0
999 _c69073
_d69073